| 000 | 00682nam a22002537a 4500 | ||
|---|---|---|---|
| 003 | LK-CoMWRAF | ||
| 005 | 20231006135119.0 | ||
| 008 | 231006b1999 |||||||| |||| 00| 0 eng d | ||
| 020 | _a0767406168 | ||
| 040 |
_aLK-CoMWRAF _dLK-CoMWRAF _eLK-CoMWRAF |
||
| 041 | _aeng | ||
| 082 |
_a301 _bMAP |
||
| 245 |
_aMapping the social landscape: _breadings in sociology |
||
| 250 | _a2nd ed. | ||
| 260 |
_aCalifornia: _bMayfield Publishing, _c1999 |
||
| 300 | _a xxxii, 652 p. ; 24 cm. | ||
| 650 | _aSOCIOLOGY | ||
| 650 | _aSocial institutions | ||
| 650 | _a Socialization | ||
| 650 | _aEquality | ||
| 650 | _aSocial change | ||
| 700 |
_aFerguson, Susan J. _ecomp. |
||
| 942 | _cBK | ||
| 999 |
_c3800 _d3800 |
||